| 000 | 00605nam a22001697a 4500 | ||
|---|---|---|---|
| 003 | MACL | ||
| 005 | 20160728142645.0 | ||
| 008 | 160728b xxu||||| |||| 00| 0 eng d | ||
| 040 | _cMACL | ||
| 041 | _aHindi | ||
| 082 | _a070 MOH | ||
| 100 |
_aमोहन, रवि _965647 |
||
| 245 |
_aजनसंपर्क की व्यावहारिक मार्गदर्शिका _cरवि मोहन |
||
| 260 |
_aनई दिल्ली _bगंगा डिस्ट्रीब्यूटर्स _c2012 |
||
| 650 |
_aमीडिया _965648 |
||
| 942 |
_2ddc _cHIN |
||
| 999 |
_c55238 _d55238 |
||